Direitos autorais e a tutela de urgn̊cia na proteȯ̂ da obra psicografada

Detalles Bibliográficos
Autor principal: Soltanovitch, Renata
Formato: Libro
Lenguaje:portugués
Publicado: Brasil LEUD - Livraria e Editora Universitr̀ia de Direito 2012
Materias:
Acceso en línea:Acceso restringido

MARC

LEADER 00000nam a22000007a 4500
005 20160302104423.0
007 cr|||| ||u|
008 160302s2012 bl ||||| |||| 00||0 por d
020 |a 978-85-7456-278-0 
035 |a 13074 
040 |a vLex 
090 |c 5938  |d 5938 
100 1 |a Soltanovitch, Renata  
245 1 0 |a Direitos autorais e a tutela de urgn̊cia na proteȯ̂ da obra psicografada  |h [Recurso electrn̤ico] /  |c Renata Soltanovitch 
256 |a Servicio en ln̕ea  
260 |a Brasil  |b LEUD - Livraria e Editora Universitr̀ia de Direito  |c 2012 
300 |a 1 recurso electrn̤ico  
506 1 |a Contenido solo disponible en los productos indicados  |d vLex Global  |d vLex Global (Academic Edition, excluding Law Schools)  |d vLex Global (U.S. Academic Edition, Law Schools)  |d vLex Global (U.S. Academic Edition, excluding Law Schools)  |d vLex Global (Academic Edition, Law Schools) 
650 0 4 |a Derecho  |z Brasil 
740 0 |a vLex libros (servicio en ln̕ea)  
856 4 0 |u http://vlex.com/source/direitos-autorais-e-a-tutela-de-urg-ncia-na-prote-o-da-obra-psicografada-13074  |z Acceso restringido  
942 |c BOOK 
999 0 |a Law